The language of post-modern architecture (Record no. 48879)

MARC details
000 -LEADER
fixed length control field 00430nam a2200121 a 4500
008 - FIXED-LENGTH DATA ELEMENTS--GENERAL INFORMATION
fixed length control field 120416s9999 xx |||||||||||||| || u
050 ## - LIBRARY OF CONGRESS CALL NUMBER
Classification number NA 680 Jen
100 ## - MAIN ENTRY--PERSONAL NAME
Personal name Jencks, Charles A
245 14 - TITLE STATEMENT
Title The language of post-modern architecture
250 ## - EDITION STATEMENT
Edition statement 5th ed.
350 ## - PRICE (NR) (BK AM CF MU VM SE) [OBSOLETE]
Price 0.00
995 ## - RECOMMENDATION 995 [LOCAL, UNIMARC FRANCE]
-- 0.00
-- CBU-MAIN LIBRARY (Kitwe)
-- 1
-- 17.50
-- AVAILABLE
-- Main Library Open Access Collection
Holdings
Withdrawn status Lost status Source of classification or shelving scheme Damaged status Not for loan Home library Current library Shelving location Date acquired Total Checkouts Full call number Barcode Date last seen Price effective from Koha item type
          CBU-MAIN LIBRARY, KITWE. CBU-MAIN LIBRARY, KITWE.   11/30/2022   NA 680 Jen 009301 11/30/2022 11/30/2022 MONOGRAPH